000 01044nam0a22002771 4500
001 rc\555724
005 20030616170313.6
035 _a(NLR Aleph) 005791225
090 _a5198878
_c5198878
100 _a20030616d1987 u |0rusy50 ca
101 0 _arus
102 _aRU
105 _ay |||||||||
200 1 _aПрогнозирование в системе "национальной безопасности" и внешнеполитическом механизме США
210 _aКиев
_cИСЭПЗС
_d1987
215 _a[1], 44 с.
_d21
225 1 _aПрепринт
_fАН УССР, Ин-т социал. и экон. пробл. зарубеж. стран
_v87
300 _aНа обл. авт. не указан
320 _aБиблиогр. в примеч.: с. 37-44
333 _aДСП. Экз. № 00009
700 1 _aГончаренко
_bА. Н.
_gАлександр Николаевич
801 0 _aRU
_bNLR
_gpsbo
801 1 _aRU
_bELAR
_2rusmarc
852 _aNLR
_j89-50К/3369
942 _cBOOK
980 _aNB